[Event "Santo Domingo Autumn op"]
[Site "Santo Domingo"]
[Date "2016.10.07"]
[Round "8"]
[White "Perez Barcelo, Ricardo Antonio"]
[Black "Arias Diaz, Ernesto Antonio"]
[Result "0-1"]
[WhiteElo "1531"]
[BlackElo "1892"]
[PlyCount "64"]
[EventDate "2016.10.07"]
[EventType "swiss"]
[EventRounds "8"]
[EventCountry "DOM"]
[SourceTitle "CBM 175 Extra"]
[Source "ChessBase"]
[SourceDate "2016.12.12"]
[SourceVersion "1"]
[SourceVersionDate "2016.12.12"]
[SourceQuality "1"]

1. d4 f5 2. Nf3 Nf6 3. Bf4 e6 4. e3 Be7 5. Be2 0-0 6. h3 c5 7. c3 Nc6 8. 0-0 d5 9. Nbd2 Ne4 10. Qc2 Bd7 11. Rac1 Rc8 12. dxc5 Bxc5 13. Rfd1 Qe7 14. Ne5 Nxe5 15. Bxe5 f4 16. Nxe4 dxe4 17. Bxf4 Kh8 18. Qxe4 Bc6 19. Qb1 e5 20. Bg3 Rf6 21. b4 Bd6 22. Bh4 g5 23. Bxg5 Rg8 24. Bxf6+ Qxf6 25. e4 Qg6 26. Bf3 Bc7 27. b5 Qf6 28. Rd3 Bd7 29. Rxd7 Qxf3 30. g3 Bb6 31. Qd3 Rxg3+ 32. Kh2 Qg2# 0-1

[Event "Santo Domingo La Raza op"]
[Site "Santo Domingo"]
[Date "2015.10.19"]
[Round "5"]
[White "Perez Barcelo, Ricardo Antonio"]
[Black "Almonte Almanzar, Jose Amado"]
[Result "0-1"]
[WhiteElo "1548"]
[BlackElo "1875"]
[PlyCount "86"]
[EventDate "2015.10.12"]
[EventType "swiss"]
[EventRounds "8"]
[EventCountry "DOM"]
[SourceTitle "CBM 169 Extra"]
[Source "ChessBase"]
[SourceDate "2015.12.18"]
[SourceVersion "1"]
[SourceVersionDate "2015.12.18"]
[SourceQuality "1"]

1. d4 d5 2. c4 Nf6 3. Nc3 Nc6 4. Bg5 dxc4 5. e3 e6 6. a3 Be7 7. Nf3 Nd5 8. Bxe7 Qxe7 9. Bxc4 Nxc3 10. bxc3 0-0 11. 0-0 a5 12. a4 Bd7 13. Qc2 Kh8 14. Rfb1 b6 15. Ba2 Rad8 16. Rd1 Qf6 17. Rd2 Ne7 18. h4 Bc6 19. e4 Ng6 20. Bb1 Rfe8 21. e5 Qf4 22. h5 Nf8 23. Ne1 Rd7 24. Qd1 Red8 25. Nd3 Qg5 26. f4 Qg3 27. Rf2 Be4 28. Ne1 Bxb1 29. Rxb1 Qxc3 30. Qg4 Qxd4 31. Nf3 Qc5 32. f5 Rd1+ 33. Rxd1 Rxd1+ 34. Kh2 Qxf2 35. Ng5 Qg1+ 36. Kg3 Rd3+ 37. Nf3 Qe1+ 38. Kh2 Rxf3 39. Qxf3 Qxe5+ 40. Kh1 Qxf5 41. Qa8 Qc5 42. Qd8 Qxh5+ 43. Kg1 Qc5+ 0-1